Statistics for Countries Closest to Mexico City

Click here to take the quiz!

General Stats

  • This quiz has been taken 94 times
  • The average score is 19 of 21

Answer Stats

Distance (km)Distance (mi)Country% Correct
00Mexico
98%
731454United States
98%
1,501933Cuba
97%
2,9161,812Canada
94%
2,5971,614Haiti
94%
848527Guatemala
93%
2,0091,249Colombia / San Andrés and Providencia
92%
1,165724Honduras
92%
1,411877Nicaragua
92%
2,0601,280Panama
92%
1,066662Belize
91%
2,1121,312Ecuador / Galápagos Islands
91%
1,144711El Salvador
91%
2,8541,773Dominican Republic
90%
2,9871,856Venezuela
90%
1,7021,057Costa Rica
89%
1,480920France / Clipperton Island
87%
1.8601,156United Kingdom / Cayman Islands
87%
1,9911,237Bahamas
85%
3,1971,986Netherlands / Aruba
82%
3,2592,025Peru
81%

Score Distribution

Percentile by Number Answered

Percent of People with Each Score

Your Score History

You have not taken this quiz